000 01195nam a2200361 c 4500
001 53687
003 ES-MaCES
005 20250422140102.0
008 250416s2024 sp f 000 | spa d
017 _aV 2342-2024
_bDL
020 _a9788411477413
040 _aES-MaCES
_bspa
_cES-MaCES
100 1 _aBlasco Lahoz, José Francisco
_97894
245 1 0 _aCurso de Seguridad Social
_cJosé Francisco Blasco Lahoz, Juan López Gandía
250 _a16ª ed
260 _aValencia
_bTirant lo Blanch
_c2024
300 _a812 p.
_c24 cm
490 1 _aManuales
504 _aBibliografía: p. 799-812
541 _cCompra
650 4 _aseguridad social
_927034
650 4 _arégimen universal de prestaciones
_930153
650 4 _afinanciación de la seguridad social
_930265
650 4 _aEspaña
_926964
650 4 _alegislación de seguridad social
_929855
650 4 _arégimen jurídico
_929894
653 1 0 _aDerecho del trabajo y Seguridad Social
700 1 _aLópez Gandía, Juan
_916894
775 0 _tCurso básico de Seguridad Social
_w(ES-MaCES)52535
830 0 _aManuales (Tirant lo Blanch (Firma))
_933478
902 _aLIB Libro
942 _2CES
_cBK
_h6.0.1.
999 _c53687
_d53687